000 01093nas a2200313 4500
001 BR2013008990
003 BR-BrBNA
005 20231205123228.0
007 ta
008 230509b bl.|||p| |||| 00| 00por d
040 _aBR-BrBNA
_bpor
_cBiblioteca Nacional de Agricultura
041 _a(Pt)
072 _aK10
100 1 _aEspig, S.A.
100 1 _aFreire, F.J.
100 1 _aMarangon, L.C.
100 1 _aFerreira, R.L.C.
100 1 _aFreire, M.B.G. dos S.
100 1 _aEspig, D.B.
245 1 _aSazonalidade, composição e aporte de nutrientes da serapilheira em fragmento de Mata Atlântica
246 1 _aLitter seasonality, composition and nutrient input in remnant of atlantic forest in the state of Pernambuco,Brazil
650 _aFLORESTA
650 _aSERAPILHEIRA
650 _aNUTRIENTE
773 0 _tRevista Árvore (Brazil)
_xISSN 0100-6762
_g(Sep-Oct 2009), v. 33(5) p. 949-956
_wBR2013008990
856 4 _uhttp://www.scielo.br/pdf/rarv/v33n5/v33n5a17.pdf
_yRecurso eletrônico (PDF)
909 _a202311
_bLúcia
_c55
_dLúcia Elande
942 _2AGRIS
_n0
_cANA
999 _c232821
_d232821